| 000 | 00000nam##2200000za#4500 |
| 001 | 9.689563 |
| 003 | CaOODSP |
| 005 | 20241203113636 |
| 007 | cr ||||||||||| |
| 008 | 150407|2007||||xxc|||||o f|0| 0 eng|d |
| 020 | |a978-0-662-45591-2 |
| 040 | |aCaOODSP|beng |
| 043 | |an-cn--- |
| 086 | 1 |aEn84-52/2007E-PDF |
| 110 | 1 |aCanada. |bEnvironment Canada. |
| 245 | 10|aAction on climate change and air pollution |h[electronic resource] |
| 260 | |aOttawa - Ontario : |bEnvironment Canada |c2007. |
| 300 | |a12p.|bgraphs, photographs |
| 500 | |aThe ISBN (978-0-662-69716-9) and catalogue number (En84-52/2007) for the bilingual print edition were incorrectly copied in this publication. |
| 590 | |a10-05-Supp|b2010-07-20 |
| 690 | 07|aClimate change|2gcpds |
| 775 | 08|tAgir face aux changements climatiques et à la pollution atmosphérique |w(CaOODSP)9.633971 |
| 856 | 40|ahttp://publications.gc.ca|qPDF|s1718 KB|uhttps://publications.gc.ca/collections/collection_2010/ec/En84-52-2007-eng.pdf |